Statistics for Mathematics Quiz #123

Click here to take the quiz!

General Stats

  • This quiz has been taken 243 times
  • The average score is 14 of 15

Answer Stats

HintAnswer% Correct
321+11332
100%
35+2156
100%
52+1971
99%
43+221264
96%
89+145234
94%
23x5115
91%
54x3162
91%
381-18363
91%
982-243739
90%
19x476
90%
72x7504
89%
791-46745
89%
232-78154
86%
471-256215
85%
12.80+34.2347.03
84%

Score Distribution

Percentile by Number Answered

Percent of People with Each Score

Your Score History

You have not taken this quiz